Spell the Marvel Hero #18 - Statistics

General Stats
  • This quiz has been taken 20 times
  • The average score is 12 of 15
Answer Stats
Picture Answer % Correct
Ant-Man
100%
Scarlet Witch
100%
Elektra
94%
Luke Cage
94%
Old Man Logan
94%
Thor (Jane Foster)
94%
Domino
83%
Echo
78%
Lockheed
72%
Silk
72%
Outlaw
67%
Elsa Bloodstone
61%
Blink
56%
Old Lace
50%
Night Thrasher
44%
No matching quizzes found
Score Distribution
Percent of People with Each Score
Percentile by Number Answered
Your Score History
You have not taken this quiz